000 00218nam a22000857a 4500
008 170626b xxu||||| |||| 00| 0 eng d
100 _93693
_aThani. L
245 _aSkills and Tactics Racing sports
260 _aNew Delhi
_c1995
999 _c7115
_d7115